| 000 | 01119nam a2200289 u 4500 | ||
|---|---|---|---|
| 005 | 20230705063602.0 | ||
| 008 | 190925s2002 mx a r 000 0 spa d | ||
| 020 | _a9701877179 | ||
| 035 | _aUPN01000233097 | ||
| 040 |
_aMX-MxUPN _bspa _cMX-MxUPN |
||
| 041 | _aspa | ||
| 050 | 4 |
_aLB1589 _bM62 2002 LM |
|
| 245 | 0 | 0 |
_aLibro para el maestro : _bmatemáticas : segundo grado |
| 250 | _aTercera edición | ||
| 260 |
_aMéxico : _bSecretaría de Educación Pública, Comisión Nacional de Libros de Texto Gratuitos, _c2002 (reimpresión, 2005). |
||
| 300 |
_a63 páginas : _bilustraciones, fotografías en blanco y negro |
||
| 650 | 4 |
_aMatemáticas _xEstudio y enseñanza (Elemental) _92809 |
|
| 650 | 7 |
_914611 _aEducación primaria _vLibros de texto |
|
| 650 | 2 |
_aEducación primaria _zMéxico _vLibros de texto _913744 |
|
| 700 | 1 |
_aBonilla Rius, Elisa, _d1956- _ecoordinación _932629 |
|
| 700 | 1 |
_aMartínez Olivé, Alba _ecoordinación _929169 |
|
| 700 | 1 |
_aRamírez Raymundo, Rodolfo _ecoordinación _929909 |
|
| 902 | _bNoemiAcosta/040523 | ||
| 905 | _aLibro | ||
| 942 |
_2lcc _cLIBRO |
||
| 999 |
_c205192 _d205192 |
||